| 000 | 01150nam a2200325 i 4500 | ||
|---|---|---|---|
| 001 | 169292 | ||
| 003 | ES-MaACL | ||
| 005 | 20230906214043.0 | ||
| 008 | 080828s2007 sp |||| | spa d | ||
| 017 | _aL-557-2007 | ||
| 020 | _a978-84-9743-210-8 | ||
| 080 | _a2:32(460)"1939/75" | ||
| 080 | _a37:32(460)"1939/75" | ||
| 080 | _a32.019.5(460)"1939/75" | ||
| 080 | _a(05)(460.27 M.) | ||
| 100 | 1 |
_aHerrero Suárez, Henar. _9138386 |
|
| 245 | 1 | 3 |
_aUn yugo para los flechas _b: educación no formal y adoctrinamiento infantil en "Flechas y Pelayos" / _cHenar Herrero Suárez. |
| 250 | _a1ª ed. | ||
| 260 |
_aLleida : _bMilenio, _c2007. |
||
| 300 |
_a362 p. : _bil. ; _c20 cm. |
||
| 490 | 1 |
_aMilenio educación. Serie estudios ; _v5 |
|
| 504 | _aBibliografía. | ||
| 630 | 0 | 4 |
_aFlechas y Pelayos. _9138387 |
| 650 | 1 | 4 |
_aReligión y política- _zEspaña- _y1939-1975. _9138388 |
| 650 | 1 | 4 |
_aPropaganda- _zEspaña- _y1939-1975. _9138389 |
| 650 | 1 | 4 |
_aPolítica y educación- _zEspaña- _y1939-1975. _9138390 |
| 830 | 0 |
_aMilenio educación. Serie estudios ; _v5 _9222813 |
|
| 852 | 4 |
_aES-MaACL _jL-29651 _9R.142805 |
|
| 999 |
_c169292 _d169292 |
||